000 00705nam a2200289Ia 4500
005 20260324140159.0
008 008 260324s9999 xx 000 0 eng d
020 _a9781315700779
037 _aEBOOK
040 _aCRL
040 _beng
040 _cCRL
041 _2eng
041 _aeng
084 _qCRL
100 _aJohn David Smith
_91203433
245 0 _aSlavery, Race and American History
245 0 _bHistorical Conflict, Trends and Method, 1866-1953
260 _bTaylor and Francis
260 _c1999
365 _a
365 _b265
856 _uhttp://www.taylorfrancis.com/books/9781315700779
942 _cEBOOK
999 _c1805216
_d1805216